Statistics for Name a capital of valid Asian country

Click here to take the quiz!

General Stats

  • This quiz has been taken 88 times
  • The average score is 10 of 15

Answer Stats

capital of Asiancapital% Correct
most populous countryBeijing
93%
biggest countryMoscow
91%
country that is the highest producer
of tehnology
Tokyo
82%
country with most islandsJakarta
79%
richest countrySingapore
79%
country that has city on two continentsAnkara
74%
country with most buddhist templesBangkok
66%
country with lowest population density in the worldUlaanbaatar
66%
country on Mediterranean, Dead, Galilee and Red seaJerusalem
64%
country that is considered the safest in Middle eastDoha
59%
smallest countryMale
53%
poorest countryKabul
47%
country that insted of GDP has
Gross National Happines
Thimphu
42%
country with northern part of it's
territory claimed by another country
Nicosia
33%
country which capital is mostly built by white marble,
it is even in Guinness World Records
Ashgabat
25%

Score Distribution

Percentile by Number Answered

Percent of People with Each Score

Your Score History

You have not taken this quiz